World’s largest airlines by capacity - Statistics

General Stats
  • This quiz has been taken 62 times
  • The average score is 15 of 20
Answer Stats
ASM Airline % Correct
71 061 266 683 American Airlines
96%
25,936,526,810 British Airways
95%
65,853,849,226 Delta Airlines
95%
53,717,255,377 Emirates
95%
23,557,775,401 Lufthansa
93%
73,135,756,915 United Airlines
91%
23,794,707,008 Air France
89%
16,516,372,381 KLM
80%
39,540,594,874 Qatar Airways
80%
24,483,605,887 Air Canada
76%
32,270,020,367 Ryanair
76%
36,150,284,400 Turkish Airlines
76%
37,791,369,018 China Southern Airlines
71%
42,800,188,174 Southwest Airlines
71%
33,674,493,815 China Eastern Airlines
65%
32,157,471,371 Air China
64%
20,737,826,478 Singapore Airlines
64%
16,716,773,546 ANA
51%
23,712,373,061 LATAM Airlines
51%
21,797,234,828 IndiGo
31%
No matching quizzes found
Score Distribution
Percent of People with Each Score
Percentile by Number Answered
Your Score History
You have not taken this quiz